书目信息 |
| 题名: |
高老头
|
|
| 作者: | 巴尔扎克, 著 ;陈辰 译 | |
| 分册: | ||
| 出版信息: | 北京 中国戏剧出版社 2005.09 |
|
| 页数: | 316页 | |
| 开本: | 23cm | |
| 丛书名: | 中英文对照全译本丛书 | |
| 单 册: | ||
| 中图分类: | H319.4:I | |
| 科图分类: | ||
| 主题词: | 英语--ying yu--小说--汉、英--对照读物 | |
| 电子资源: | ||
| ISBN: | 7-104-02124-8 | |
| 000 | 00950nam 2200277 450 | |
| 001 | 012006655437 | |
| 005 | 20060628103958.62 | |
| 010 | @a7-104-02124-8@dCNY36.00 | |
| 100 | @a20060610d2005 km y0chiy0120 ea | |
| 101 | 1 | @achi@aeng@cfre |
| 102 | @aCN@b110000 | |
| 105 | @ay z 000ay | |
| 200 | 1 | @a高老头@Agao lao tou@f(法) 巴尔扎克著@F(fa)ba er zha ke zhu |
| 210 | @a北京@c中国戏剧出版社@d2005.09 | |
| 215 | @a316页@d23cm | |
| 225 | 2 | @a中英文对照全译本丛书@Azhong ying wen dui zhao quan yi ben cong shu@h第2辑 |
| 300 | @a英汉对译 | |
| 314 | @a陈辰译取自版权页 | |
| 330 | @a本书是中英文对照全译本丛书之一,本书是巴尔扎克著《高老头》的中英文对照全译本。 | |
| 410 | 0 | @12001 @a中英文对照全译本丛书 |
| 606 | 0 | @a英语@Aying yu@x小说@x汉、英@j对照读物 |
| 690 | @aH319.4:I@v4 | |
| 701 | 1 | @a巴尔扎克,@Aba er zha ke,@bH.@g(Balzac, H.)@4著 |
| 702 | 0 | @a陈辰@Achen chen@4译 |
| 801 | 0 | @aCN@bQSSK@c20060628 |
| 905 | @a10447@dH319.4:I@eB029 | |
| 高老头/(法) 巴尔扎克著.-北京:中国戏剧出版社,2005.09 |
| 316页;23cm.-(中英文对照全译本丛书.第2辑) |
| 英汉对译 |
| ISBN 7-104-02124-8:CNY36.00 |
| 本书是中英文对照全译本丛书之一,本书是巴尔扎克著《高老头》的中英文对照全译本。 |
| ● |
| 相关链接 |
|
|
|
正题名:高老头
索取号:H319.4:I/B029
 
预约/预借
| 序号 | 登录号 | 条形码 | 馆藏地/架位号 | 状态 | 备注 |
| 1 | 582649 | 205826490 | 语言库209/209语言库 22排1列1层/ [索取号:H319.4:I/B029] | 在馆 | |
| 2 | 582650 | 205826506 | 语言库209/209语言库 22排1列1层/ [索取号:H319.4:I/B029] | 在馆 | |
| 3 | 582651 | 205826515 | 语言库209/ [索取号:H319.4:I/B029] | 在馆 |